| 000 | 01088nam0a2200301 4500 | ||
|---|---|---|---|
| 001 | RU\NLR\bibl\452011 | ||
| 005 | 20260406045436.0 | ||
| 010 |
_a5-7024-1629-5 _950000 |
||
| 021 |
_aRU _b2003-49249 _92374 |
||
| 035 | _a(NLR Aleph) 000445636 | ||
| 090 |
_a841665 _c841665 |
||
| 100 | _a20031027d2003 |||y0rusy50 ca | ||
| 101 | 1 |
_arus _ceng |
|
| 102 | _aRU | ||
| 105 | _ay ||||||||| | ||
| 200 | 1 |
_aИспанские страсти _eРоман _fАйра Уайз _g[Пер. с англ. С.Б. Лихачевой] |
|
| 210 |
_aМ. _cПанорама _d2003 |
||
| 215 |
_a189, [1] с. _d17 |
||
| 225 | 1 |
_aПанорама романов о любви _eПериод. лит.-худож. альм. _v03-108 |
|
| 311 | _aПрил. к междунар. журн. "Панорама" | ||
| 422 | 0 |
_12001#$aПанорама _tПанорама |
|
| 686 | _aШ6(7США)67-440.4{Лх1979-50} | ||
| 700 | 1 |
_4070 _8rus _7ca _aУайз _bА. _gАйра _3RU\NLR\auth\775133 _9115101 |
|
| 801 | 0 |
_aRU _bNLR _c20031027 _gPSBO |
|
| 801 | 1 |
_aRU _bNLR _c20031027 |
|
| 942 | _cBOOK | ||
| 980 | _aNB | ||